| 000 | 00655nam a2200205 i 4500 | ||
|---|---|---|---|
| 001 | bg | ||
| 245 | 0 | 0 |
_aInformator o studiach w Politechnice Koszalińskiej w roku akademickim 1999/2000 / _c[oprac. Dział Nauczania Politechniki Koszalińskiej]. |
| 260 |
_aKoszalin : _bWydaw. Uczelniane PK, _c1999. |
||
| 300 |
_a107 s. : _bfot. kolor., 1 rys. ; _c21 cm. |
||
| 651 | 9 |
_aKoszalin _xPolitechnika |
|
| 655 | _aInformatory | ||
| 710 | 0 | _aPolitechnika Koszalińska (Koszalin) | |
| 020 | _a8387424757 | ||
| 040 | _cBPK | ||
| 041 | 0 | _apl | |
| 080 | _a378.662(438) | ||
| 920 | _a83-87424-75-7 | ||
| 942 | _cKS | ||
| 008 | s pl f |000 0 pol | ||
| 999 |
_c34002 _d34002 |
||
| 856 |
_uhttp://koha.tu.koszalin.pl/cgi-bin/koha/opac-detail.pl?biblionumber=34002 _yKatalog online BPK |
||